Catecismo popular guadalupano /

Guardado en:
Bibliografiske detaljer
Hovedforfatter: García Gutiérrez, Jesús (autor)
Format: Bog
Sprog:spansk
Udgivet: México : Ediciones Paulinas, 1958, c1958
Fag:
Tags: Tilføj Tag
Ingen Tags, Vær først til at tagge denne postø!

MARC

LEADER 00000nam^a2200000^a^4500
001 000443235
005 20250521000000.0
009 20260310123448.38
037 |a Acervo Xavier Clavigero 
041 |a ESP 
082 |a 232. 917  |b GAR 
100 |a García Gutiérrez, Jesús  |e (autor) 
245 1 0 |a Catecismo popular guadalupano /  |c J. García Gutiérrez. 
264 4 |a México :  |b Ediciones Paulinas,  |c 1958, c1958 
300 |a 47 p. 
300 |a 1 folleto 
336 |a texto  |b txt  |2 rdacontenido 
337 |a sin mediación  |b n  |2 rdamedio 
338 |a volumen  |b nc  |2 rdasoporte 
649 |a XX 
650 |a Virgen de Guadalupe -  |x Tema Principal 
650 |a Catequesis -  |x Tema Principal 
650 |a Teología Doctrinal 
650 |a Catecismos 
650 |a Iglesia Católica -  |x Catecismos y Credos 
650 |a Catolicismo 
650 |a Cristianismo 
650 |a Religión 
910 |a Fondo General 
920 |a Impresos - Libros 
930 |a Colección General 
905 |a 101 
901 |a 0500370740  |b IT2  |c FOL  |i D3426  |u 20250521 
902 |a https://opac.biblio.iteso.mx/vufind/Record/000443235